[Event "EU-ch Rapid"]
[Site "Zagreb"]
[Date "2023.12.14"]
[Round "5"]
[White "Klekowski, Maciej"]
[Black "Kahleys, Kevin"]
[Result "1/2-1/2"]
[WhiteElo "2477"]
[BlackElo "2216"]
[PlyCount "115"]
[EventDate "2023.12.14"]
[EventType "swiss (rapid)"]
[EventRounds "11"]
[EventCountry "CRO"]
[SourceTitle "CB51_2023"]
[SourceDate "2023.12.20"]
[SourceVersion "1"]
[SourceVersionDate "2023.12.20"]
[SourceQuality "1"]

1. c4 c6 2. Nf3 d5 3. e3 Nf6 4. b3 Bf5 5. Bb2 e6 6. Be2 h6 7. 0-0 Be7 8. Nc3 0-0 9. d4 Ne4 10. Nxe4 Bxe4 11. Nd2 Bg6 12. a3 a5 13. Bc3 Nd7 14. b4 axb4 15. axb4 Qc7 16. Qb3 Rfc8 17. Qb2 Nb6 18. c5 Na4 19. Qb3 Nxc3 20. Qxc3 b5 21. Ra3 Rxa3 22. Qxa3 e5 23. dxe5 Qxe5 24. Nf3 Qc7 25. Nd4 Bf6 26. Rd1 Qb7 27. Ra1 Re8 28. Bf3 Bxd4 29. exd4 Qe7 30. Qc3 Qf6 31. g3 Be4 32. Be2 g5 33. Bg4 Bf5 34. Bf3 Kg7 35. Bg2 Qe6 36. Bf1 Qe4 37. h3 h5 38. Qd2 Kg6 39. Bg2 Qd3 40. Bf1 Qe4 41. Bg2 Qd3 42. Qxd3 Bxd3 43. h4 gxh4 44. gxh4 Kf6 45. Ra6 Re6 46. Bf3 Kf5 47. Kg2 Be4 48. Bxe4+ Rxe4 49. Rxc6 Rxh4 50. Rb6 Rxd4 51. Rxb5 Ke6 52. c6 Rc4 53. Rb8 Rxc6 54. Kf3 Rc4 55. b5 Ke5 56. Rh8 h4 57. b6 Kd6 58. Rh6+ 1/2-1/2

[Event "Oberliga NRW 2122"]
[Site "Germany"]
[Date "2022.03.13"]
[Round "7.5"]
[White "Kahleys, Kevin"]
[Black "Hirsch, Stefan"]
[Result "1-0"]
[WhiteElo "2193"]
[BlackElo "2166"]
[PlyCount "109"]
[EventDate "2021.10.31"]
[EventType "team-tourn"]
[EventRounds "9"]
[EventCountry "GER"]
[SourceTitle "EXT 2023"]
[Source "ChessBase"]
[SourceDate "2022.10.05"]
[SourceVersion "1"]
[SourceVersionDate "2022.10.05"]
[SourceQuality "1"]
[WhiteTeam "Muelheim Nord II"]
[BlackTeam "Wattenscheid"]
[WhiteTeamCountry "GER"]
[BlackTeamCountry "GER"]

1. d4 Nf6 2. Nf3 g6 3. g3 b5 4. Bg2 Bb7 5. 0-0 Bg7 6. a4 b4 7. c4 a5 8. Re1 0-0 9. Nbd2 d6 10. e4 e5 11. d5 Nbd7 12. Nb3 Qe7 13. Qc2 Nc5 14. Nxc5 dxc5 15. h3 Nd7 16. g4 h6 17. Be3 Kh7 18. Nd2 Bf6 19. Nf3 Bg5 20. Qd2 Bxe3 21. Qxe3 Nb6 22. Bf1 Bc8 23. Nd2 Kg7 24. f4 f6 25. Nb3 Nd7 26. f5 g5 27. Be2 Ra6 28. Kf2 Rh8 29. Rh1 Bb7 30. Rh2 Bc8 31. Rah1 Bb7 32. h4 Bc8 33. Bd1 Bb7 34. Nd2 Rh7 35. Nf3 Nf8 36. Ne1 Bc8 37. Nd3 Nd7 38. Qg3 Bb7 39. Rh3 Bc8 40. Qh2 Bb7 41. Ne1 Kg8 42. hxg5 fxg5 43. Nd3 Rf6 44. Ke1 Bc8 45. Kd2 Ba6 46. b3 Bb7 47. Ne1 Qg7 48. Kc2 Rd6 49. Nf3 Bc8 50. Qd2 Nf6 51. Qe3 Nxg4 52. Qxc5 Bxf5 53. exf5 e4 54. Nxg5 Qxg5 55. Bxg4 1-0

[Event "Oberliga NRW 1920"]
[Site "Germany"]
[Date "2019.11.10"]
[Round "3.5"]
[White "Kahleys, Kevin"]
[Black "Tkachuk, Sergij"]
[Result "0-1"]
[WhiteElo "2177"]
[BlackElo "2213"]
[PlyCount "98"]
[EventDate "2019.09.15"]
[EventType "team-tourn"]
[EventRounds "9"]
[EventCountry "GER"]
[SourceTitle "CBM 195 Extra"]
[Source "ChessBase"]
[SourceDate "2020.05.31"]
[SourceVersion "1"]
[SourceVersionDate "2020.05.31"]
[SourceQuality "1"]
[WhiteTeam "Muelheim Nord II"]
[BlackTeam "Bochum SG"]
[WhiteTeamCountry "GER"]
[BlackTeamCountry "GER"]

1. d4 Nf6 2. Nf3 g6 3. g3 Bg7 4. Bg2 0-0 5. 0-0 c6 6. c4 d6 7. Nc3 Qc7 8. e4 e5 9. h3 a5 10. Be3 Na6 11. Rc1 Bd7 12. c5 dxc5 13. dxe5 Ne8 14. Na4 Rd8 15. Qe2 Qc8 16. Rfd1 Be6 17. Rxd8 Qxd8 18. Nxc5 Nxc5 19. Bxc5 Bxa2 20. Rd1 Qc7 21. Qe3 Be6 22. Bb6 Qe7 23. Qc3 Qb4 24. Qxb4 axb4 25. Bc5 Nc7 26. Bxf8 Kxf8 27. Rd8+ Ke7 28. Rb8 b5 29. Nd4 c5 30. Nxe6 Kxe6 31. f4 c4 32. Rb6+ Kd7 33. Rd6+ Kc8 34. h4 Bf8 35. Bh3+ Kb7 36. Rd8 c3 37. Rd1 c2 38. Rc1 b3 39. Kf2 Ba3 40. Ke3 Bxb2 41. Kd2 Bxc1+ 42. Kxc1 Na6 43. e6 Nb4 44. e7 Na2+ 45. Kb2 c1Q+ 46. Kxb3 Qc4+ 47. Kb2 Qxe4 48. Bg2 Qxg2+ 49. Ka3 Qe4 0-1

[Event "BL2-West 1819"]
[Site "Germany"]
[Date "2019.02.24"]
[Round "7.7"]
[White "Marcziter, Dmitrii"]
[Black "Kahleys, Kevin"]
[Result "0-1"]
[WhiteElo "2242"]
[BlackElo "2191"]
[PlyCount "118"]
[EventDate "2018.11.21"]
[EventType "team-tourn"]
[EventRounds "9"]
[EventCountry "GER"]
[SourceTitle "CBM 190 Extra"]
[Source "ChessBase"]
[SourceDate "2019.07.15"]
[SourceVersion "1"]
[SourceVersionDate "2019.07.15"]
[SourceQuality "1"]
[WhiteTeam "Aachen DJK II"]
[BlackTeam "Muelheim Nord II"]
[WhiteTeamCountry "GER"]
[BlackTeamCountry "GER"]

1. d4 e6 2. c4 Nf6 3. Nf3 d5 4. Nc3 Be7 5. Bg5 c6 6. cxd5 cxd5 7. e3 0-0 8. Bd3 b6 9. Ne5 h6 10. Bh4 Nfd7 11. Bg3 Nxe5 12. Bxe5 Nc6 13. Bg3 Nb4 14. Bb1 Ba6 15. a3 Nc6 16. Qa4 Qc8 17. Qc2 f5 18. Qd1 Na5 19. Bd3 Bxd3 20. Qxd3 Qc4 21. Qxc4 Nxc4 22. Nb5 Kf7 23. b3 Na5 24. b4 Nc4 25. Ke2 a6 26. Nc3 Rfc8 27. Rhc1 a5 28. bxa5 Rxa5 29. a4 Ba3 30. Rc2 Bb2 31. Ra2 Bxc3 32. Rxc3 Rca8 33. Rb3 Rxa4 34. Rxa4 Rxa4 35. Bc7 Ra2+ 36. Ke1 Ra6 37. h4 h5 38. Ke2 Ke7 39. Rb4 Kd7 40. Be5 Ra2+ 41. Kf3 Nxe5+ 42. dxe5 Kc6 43. Rb1 b5 44. g3 Rc2 45. Ra1 b4 46. Ra8 b3 47. Rb8 b2 48. Kf4 Rxf2+ 49. Kg5 Kc5 50. Kg6 d4 51. exd4+ Kxd4 52. Kxh5 Kxe5 53. Kg6 Rg2 54. Rb5+ Kd4 55. Kxg7 Kc4 56. Rb8 Rxg3+ 57. Kf6 Rb3 58. Rc8+ Kd3 59. Rd8+ Ke2 0-1

[Event "Oberliga NRW 1718"]
[Site "Germany"]
[Date "2018.04.29"]
[Round "9.5"]
[White "Kahleys, Kevin"]
[Black "Welzel, Philipp"]
[Result "0-1"]
[WhiteElo "2185"]
[BlackElo "2187"]
[PlyCount "138"]
[EventDate "2017.09.17"]
[EventType "team-tourn"]
[EventRounds "9"]
[EventCountry "GER"]
[SourceTitle "EXT 2019"]
[Source "ChessBase"]
[SourceDate "2018.10.10"]
[SourceVersion "1"]
[SourceVersionDate "2018.10.10"]
[SourceQuality "1"]
[WhiteTeam "Muelheim Nord II"]
[BlackTeam "Dinslaken"]
[WhiteTeamCountry "GER"]
[BlackTeamCountry "GER"]

1. d4 d5 2. Nf3 Nf6 3. c4 e6 4. g3 dxc4 5. Qa4+ Nbd7 6. Bg2 c5 7. 0-0 a6 8. Qxc4 b5 9. Qc2 Bb7 10. Nbd2 Rc8 11. Qd3 cxd4 12. Qxd4 Bc5 13. Qf4 Qe7 14. Nb3 Bb6 15. Bd2 Rc4 16. Nbd4 e5 17. Qg5 h6 18. Qxg7 Rh7 19. Nf5 Rxg7 20. Nxe7 Kxe7 21. Nxe5 Bxg2 22. Nxc4 Bxf1 23. Nxb6 Nxb6 24. Kxf1 Rg6 25. Rc1 Kd7 26. b3 Ne4 27. Ba5 Rc6 28. Rd1+ Ke7 29. f3 Ng5 30. h4 Ne6 31. Bd2 h5 32. g4 hxg4 33. fxg4 Kf6 34. Be3 Ke5 35. Kf2 Nd5 36. Rc1 Rxc1 37. Bxc1 Ke4 38. h5 Ndf4 39. Ba3 Ng5 40. Be7 Nh7 41. a4 Nd5 42. Bd6 f6 43. axb5 axb5 44. h6 Nf4 45. Ke1 Ng2+ 46. Kf2 Ne3 47. Kg3 f5 48. g5 Nxg5 49. Kh4 Nh7 50. Kh5 Ng4 51. Kg6 Nxh6 52. Kxh6 Nf6 53. Kg5 Nd5 54. Bh2 Nc3 55. Kh4 Nxe2 56. Kh3 Kf3 57. Bd6 Nd4 58. b4 f4 59. Kh2 Ne6 60. Kg1 Ke2 61. Bb8 f3 62. Bg3 Nd4 63. Bf2 Nc6 64. Bc5 Nxb4 65. Bd4 Nd3 66. Bb6 f2+ 67. Kh2 f1Q 68. Bg1 Kf3 69. Kh1 Qg2# 0-1

[Event "Oberliga NRW 1718"]
[Site "Germany"]
[Date "2018.02.18"]
[Round "6.5"]
[White "Kahleys, Kevin"]
[Black "Kueppers, Timo"]
[Result "1-0"]
[WhiteElo "2185"]
[BlackElo "2148"]
[PlyCount "51"]
[EventDate "2017.09.17"]
[EventType "team-tourn"]
[EventRounds "9"]
[EventCountry "GER"]
[SourceTitle "EXT 2019"]
[Source "ChessBase"]
[SourceDate "2018.10.10"]
[SourceVersion "1"]
[SourceVersionDate "2018.10.10"]
[SourceQuality "1"]
[WhiteTeam "Muelheim Nord II"]
[BlackTeam "Essen Katernberg"]
[WhiteTeamCountry "GER"]
[BlackTeamCountry "GER"]

1. d4 Nf6 2. Nf3 g6 3. g3 Bg7 4. Bg2 0-0 5. 0-0 d6 6. c4 Nc6 7. Nc3 a6 8. b3 Rb8 9. Bb2 b5 10. cxb5 axb5 11. Rc1 b4 12. Na4 Na5 13. Qc2 c6 14. e4 Ba6 15. Rfe1 Bb5 16. e5 Nd5 17. Ng5 Bxa4 18. bxa4 Nb6 19. e6 f5 20. Nf7 Qe8 21. d5 Rxf7 22. exf7+ Qxf7 23. Bxg7 Qxg7 24. dxc6 e5 25. c7 Rc8 26. Qd3 1-0

[Event "EU-ch blitz"]
[Site "Katowice"]
[Date "2017.12.15"]
[Round "21"]
[White "Jablonicky, Martin"]
[Black "Kahleys, Kevin"]
[Result "1/2-1/2"]
[WhiteElo "2302"]
[BlackElo "2195"]
[PlyCount "183"]
[EventDate "2017.12.15"]
[EventType "swiss (blitz)"]
[EventRounds "22"]
[EventCountry "POL"]
[SourceTitle "CBM 182 Extra"]
[Source "ChessBase"]
[SourceDate "2018.02.23"]
[SourceVersion "1"]
[SourceVersionDate "2018.02.23"]
[SourceQuality "1"]

1. e4 e6 2. d4 d5 3. Bd3 Nf6 4. e5 Nfd7 5. c3 c5 6. Ne2 Nc6 7. 0-0 Qb6 8. Bc2 a5 9. a3 Be7 10. Kh1 f5 11. Nf4 Nf8 12. dxc5 Bxc5 13. Nd3 Be7 14. Be3 Qc7 15. f4 Bd7 16. Nd2 h6 17. Nf3 Nd8 18. a4 Nf7 19. Nd4 g5 20. Nb5 Bxb5 21. axb5 g4 22. b6 Qc8 23. b4 axb4 24. Rxa8 Qxa8 25. Ba4+ Nd7 26. cxb4 Nd8 27. Bc5 Nc6 28. Bxc6 bxc6 29. Qa1 Kf7 30. Qa7 Qxa7 31. bxa7 Ra8 32. Ra1 Ke8 33. Ra6 Nxc5 34. bxc5 Kd7 35. Nb4 Bxc5 36. Nxc6 Be3 37. g3 d4 38. Nxd4 Bxd4 39. Rd6+ Ke7 40. Rxd4 Rxa7 41. Rd2 Ra1+ 42. Kg2 Ra3 43. Rb2 Rd3 44. h3 h5 45. hxg4 hxg4 46. Rb7+ Rd7 47. Rb2 Ra7 48. Rc2 Kd7 49. Rd2+ Ke7 50. Rc2 Rd7 51. Kf2 Rd3 52. Rc7+ Kd8 53. Rc2 Kd7 54. Ra2 Rc3 55. Rd2+ Ke7 56. Kg2 Rc5 57. Kf2 Ra5 58. Kg2 Ra7 59. Kf2 Rc7 60. Ke3 Rc3+ 61. Kf2 Rf3+ 62. Kg2 Re3 63. Kf2 Rf3+ 64. Kg2 Rb3 65. Rc2 Kd7 66. Rd2+ Ke7 67. Kf2 Rf3+ 68. Kg2 Rc3 69. Kf2 Rc7 70. Ke3 Ra7 71. Kf2 Ra3 72. Kg2 Rb3 73. Kf2 Rb5 74. Kg2 Rb7 75. Kf2 Ra7 76. Kg2 Rd7 77. Rc2 Rd3 78. Kf2 Kd7 79. Ra2 Kc7 80. Ra6 Kd7 81. Rb6 Rc3 82. Rd6+ Ke7 83. Rd2 Ra3 84. Rc2 Ra7 85. Rd2 Rc7 86. Ke3 Rc3+ 87. Kf2 Rb3 88. Ra2 Rb7 89. Rd2 Rb6 90. Ra2 Rb7 91. Rd2 Rb3 92. Ra2 1/2-1/2

[Event "EU-ch blitz"]
[Site "Katowice"]
[Date "2017.12.15"]
[Round "9"]
[White "Kahleys, Kevin"]
[Black "Adamczewski, Maciej"]
[Result "0-1"]
[WhiteElo "2195"]
[BlackElo "1999"]
[PlyCount "32"]
[EventDate "2017.12.15"]
[EventType "swiss (blitz)"]
[EventRounds "22"]
[EventCountry "POL"]
[SourceTitle "CBM 182 Extra"]
[Source "ChessBase"]
[SourceDate "2018.02.23"]
[SourceVersion "1"]
[SourceVersionDate "2018.02.23"]
[SourceQuality "1"]

1. d4 Nf6 2. Nf3 g6 3. g3 Bg7 4. Bg2 0-0 5. 0-0 d6 6. c4 Nc6 7. Nc3 e5 8. h3 exd4 9. Nxd4 Ne5 10. h4 c6 11. b3 Re8 12. Bb2 Qc7 13. Qc2 a5 14. Rad1 c5 15. Ndb5 Qb8 16. Nxd6 Re6 0-1

[Event "EU-ch blitz"]
[Site "Katowice"]
[Date "2017.12.15"]
[Round "15"]
[White "Kahleys, Kevin"]
[Black "Cieslar, Michal"]
[Result "0-1"]
[WhiteElo "2195"]
[BlackElo "2032"]
[PlyCount "108"]
[EventDate "2017.12.15"]
[EventType "swiss (blitz)"]
[EventRounds "22"]
[EventCountry "POL"]
[SourceTitle "CBM 182 Extra"]
[Source "ChessBase"]
[SourceDate "2018.02.23"]
[SourceVersion "1"]
[SourceVersionDate "2018.02.23"]
[SourceQuality "1"]

1. e4 e6 2. d3 d5 3. Nd2 Nf6 4. Ngf3 Be7 5. g3 c5 6. Bg2 Nc6 7. 0-0 0-0 8. Re1 b5 9. e5 Nd7 10. Nf1 a5 11. h4 b4 12. N1h2 Ba6 13. Bf4 a4 14. Ng5 Qe8 15. Qh5 Bxg5 16. Qxg5 Nd4 17. Rac1 Qd8 18. Qh5 f5 19. exf6 Nxf6 20. Qe5 Qd7 21. c3 bxc3 22. bxc3 Nf5 23. d4 cxd4 24. cxd4 Rac8 25. Nf3 Ne4 26. Ng5 Nxg5 27. hxg5 Rxc1 28. Rxc1 Rc8 29. Rxc8+ Qxc8 30. Bxd5 exd5 31. Qxd5+ Kh8 32. Be5 Bc4 33. Qa5 Bxa2 34. Kh2 Bb3 35. Qa7 Qf8 36. g4 Ne7 37. Kg3 Ng6 38. f4 Nxe5 39. dxe5 a3 40. f5 a2 41. e6 Qd6+ 42. Kh3 Qd3+ 43. Kh4 Qd8 44. e7 Qe8 45. f6 gxf6 46. gxf6 Bf7 47. Qa5 Qg8 48. g5 h6 49. gxh6 Kh7 50. Qf5+ Qg6 51. Qe5 Qxh6+ 52. Kg3 Qg6+ 53. Kf2 Qh5 54. Qf5+ Qxf5+ 0-1

[Event "EU-ch blitz"]
[Site "Katowice"]
[Date "2017.12.15"]
[Round "5"]
[White "Kahleys, Kevin"]
[Black "Zwardon, Vojtech"]
[Result "0-1"]
[WhiteElo "2195"]
[BlackElo "2408"]
[PlyCount "124"]
[EventDate "2017.12.15"]
[EventType "swiss (blitz)"]
[EventRounds "22"]
[EventCountry "POL"]
[SourceTitle "CBM 182 Extra"]
[Source "ChessBase"]
[SourceDate "2018.02.23"]
[SourceVersion "1"]
[SourceVersionDate "2018.02.23"]
[SourceQuality "1"]

1. d4 Nf6 2. Nf3 e6 3. g3 b5 4. Bg2 Bb7 5. 0-0 c5 6. a4 b4 7. c4 cxd4 8. Nxd4 Bxg2 9. Kxg2 Be7 10. b3 0-0 11. Bb2 Qc7 12. f3 a6 13. e4 Rd8 14. Qe2 Nc6 15. Rd1 Nxd4 16. Bxd4 d5 17. exd5 exd5 18. Nd2 Re8 19. Qf2 Qb7 20. Rac1 Rad8 21. cxd5 Nxd5 22. Nc4 Qd7 23. Ne5 Qf5 24. Nc6 Bg5 25. Nxd8 Bxc1 26. Rxc1 Rxd8 27. Qc2 Qe6 28. Bf2 Nc3 29. Re1 Qd5 30. Qb2 h6 31. Qc2 h5 32. h4 Nd1 33. Re2 Nxf2 34. Rxf2 Qd3 35. Qb2 Qc3 36. Rc2 Qxb2 37. Rxb2 Rd3 38. Kf2 f5 39. Ke2 Rc3 40. Rb1 Kf7 41. Rb2 Ke6 42. Rb1 f4 43. Kf2 Rc2+ 44. Kg1 fxg3 45. Re1+ Kf6 46. Re4 a5 47. Rd4 Rf2 48. Rd5 g6 49. Rxa5 Rxf3 50. Rb5 Rxb3 51. a5 Rb2 52. a6 Ra2 53. Rxb4 Rxa6 54. Kg2 Ra3 55. Rf4+ Ke5 56. Rb4 Re3 57. Ra4 Re4 58. Ra6 Rg4 59. Ra5+ Kf6 60. Ra6+ Kg7 61. Ra7+ Kh6 62. Ra6 Rxh4 0-1

[Event "EU-ch blitz"]
[Site "Katowice"]
[Date "2017.12.15"]
[Round "13"]
[White "Kovalev, Vladislav"]
[Black "Kahleys, Kevin"]
[Result "1-0"]
[WhiteElo "2639"]
[BlackElo "2195"]
[PlyCount "61"]
[EventDate "2017.12.15"]
[EventType "swiss (blitz)"]
[EventRounds "22"]
[EventCountry "POL"]
[SourceTitle "CBM 182 Extra"]
[Source "ChessBase"]
[SourceDate "2018.02.23"]
[SourceVersion "1"]
[SourceVersionDate "2018.02.23"]
[SourceQuality "1"]

1. d4 d5 2. Bf4 Nf6 3. e3 c5 4. c3 Nc6 5. Nd2 Qb6 6. Qb3 c4 7. Qc2 g6 8. Ngf3 Bg7 9. h3 Bf5 10. Qc1 Rc8 11. g4 Bd7 12. Ne5 h6 13. Bg2 Qa5 14. Nxd7 Kxd7 15. 0-0 e6 16. b3 b5 17. a4 b4 18. bxc4 bxc3 19. Nb3 Qb4 20. Nc5+ Ke7 21. cxd5 Nxd5 22. Bxd5 exd5 23. Rb1 Qa5 24. Rb7+ Kf8 25. Qa3 Kg8 26. Qb3 Nd8 27. Rb5 Rxc5 28. Rxa5 Rxa5 29. Bc7 Nc6 30. Bxa5 Nxa5 31. Qxd5 1-0

[Event "EU-ch blitz"]
[Site "Katowice"]
[Date "2017.12.15"]
[Round "20"]
[White "Kumala, Aleksander"]
[Black "Kahleys, Kevin"]
[Result "1-0"]
[WhiteElo "2220"]
[BlackElo "2195"]
[PlyCount "79"]
[EventDate "2017.12.15"]
[EventType "swiss (blitz)"]
[EventRounds "22"]
[EventCountry "POL"]
[SourceTitle "CBM 182 Extra"]
[Source "ChessBase"]
[SourceDate "2018.02.23"]
[SourceVersion "1"]
[SourceVersionDate "2018.02.23"]
[SourceQuality "1"]

1. e4 e6 2. d4 d5 3. Bd3 Nf6 4. e5 Nfd7 5. f4 c5 6. c3 Nc6 7. Nf3 f5 8. exf6 Nxf6 9. 0-0 Be7 10. Be3 Qb6 11. Qe2 Bd7 12. Ne5 c4 13. Bc2 Qxb2 14. Bg6+ hxg6 15. Qxb2 Bc8 16. Nxg6 Rh6 17. f5 Rh5 18. fxe6 Nd8 19. Nxe7 Kxe7 20. Nd2 Nxe6 21. Rae1 Bd7 22. Qxb7 Rah8 23. Nf3 Ng4 24. Bg5+ Kd6 25. Rxe6+ Kxe6 26. Re1+ Kf5 27. Qxd7+ Kg6 28. Qe6+ Nf6 29. Bxf6 gxf6 30. Ne5+ Rxe5 31. Rxe5 Rf8 32. Qf5+ Kg7 33. Re7+ Rf7 34. Rxf7+ Kxf7 35. h4 a5 36. h5 a4 37. h6 a3 38. h7 Kg7 39. Kh2 Kh8 40. Qg6 1-0

[Event "Ruhrgebiet Verbandsklasse Gruppe 1 1617"]
[Site "Germany"]
[Date "2017.01.29"]
[Round "6.1"]
[White "Prass, Marian"]
[Black "Kahleys, Kevin"]
[Result "1/2-1/2"]
[WhiteElo "2049"]
[BlackElo "2205"]
[PlyCount "113"]
[EventDate "2016.09.04"]
[EventType "team-tourn"]
[EventRounds "9"]
[EventCountry "GER"]
[SourceTitle "EXT 2022"]
[Source "ChessBase"]
[SourceDate "2021.10.06"]
[SourceVersion "1"]
[SourceVersionDate "2021.10.06"]
[SourceQuality "1"]
[WhiteTeam "Altenessen"]
[BlackTeam "Muelheim Nord IV"]
[WhiteTeamCountry "GER"]
[BlackTeamCountry "GER"]

1. e4 e6 2. d4 d5 3. Nd2 Be7 4. c3 c5 5. dxc5 Bxc5 6. Bd3 Nc6 7. Ngf3 Nf6 8. Qe2 Be7 9. 0-0 a5 10. Re1 h6 11. e5 Nd7 12. Nb3 a4 13. Nbd4 Nc5 14. Bc2 Qb6 15. Rb1 Bd7 16. Be3 Nxd4 17. Bxd4 Bb5 18. Qe3 Qc7 19. h3 Bd7 20. Rbc1 Bb5 21. Rb1 Qc6 22. Rbd1 Nd7 23. Rc1 Nb8 24. Nd2 Qc7 25. Qg3 g5 26. Nf3 Nc6 27. h4 gxh4 28. Qg7 Kd7 29. Bh7 Raf8 30. b3 Ba3 31. Rc2 Ba6 32. c4 Nb4 33. Rd2 Ke8 34. cxd5 Nxd5 35. Rc2 Qd7 36. Rd1 Bb5 37. Be3 Bc6 38. Bxh6 h3 39. Ng5 hxg2 40. Ne4 Be7 41. f3 f5 42. exf6 Rxh7 43. Qg6+ Rff7 44. fxe7 Qxe7 45. Qg8+ Kd7 46. Bg5 Rf8 47. Rxd5+ Bxd5 48. Nf6+ Qxf6 49. Qxh7+ Rf7 50. Bxf6 Rxh7 51. Rxg2 axb3 52. axb3 Bxf3 53. Rg7+ Rxg7+ 54. Bxg7 Kd6 55. Kf2 Bd1 56. b4 Kd5 57. Ke3 1/2-1/2

[Event "EU-ch blitz"]
[Site "Tallinn"]
[Date "2016.12.17"]
[Round "3"]
[White "Zakhartsov, Vladimir"]
[Black "Kahleys, Kevin"]
[Result "1-0"]
[WhiteElo "2453"]
[BlackElo "2213"]
[PlyCount "67"]
[EventDate "2016.12.17"]
[EventType "swiss (blitz)"]
[EventRounds "26"]
[EventCountry "EST"]
[SourceTitle "CBM 176 Extra"]
[Source "ChessBase"]
[SourceDate "2017.03.02"]
[SourceVersion "1"]
[SourceVersionDate "2017.03.02"]
[SourceQuality "1"]

1. e4 e6 2. d4 d5 3. Nd2 Nf6 4. Bd3 c5 5. e5 Nfd7 6. c3 Nc6 7. Ne2 Qb6 8. Nf3 cxd4 9. cxd4 f6 10. exf6 Nxf6 11. 0-0 Bd6 12. Bf4 Qc7 13. Qd2 0-0 14. Bxd6 Qxd6 15. Bb5 a6 16. Bxc6 bxc6 17. Rac1 Ne4 18. Qe3 Bd7 19. Nc3 c5 20. Nxe4 dxe4 21. dxc5 Qd3 22. Ne5 Qxe3 23. fxe3 Bb5 24. Rxf8+ Rxf8 25. c6 Rc8 26. b3 Rc7 27. a4 Bd3 28. b4 Kf8 29. Nxd3 exd3 30. b5 axb5 31. axb5 Ke7 32. Rd1 Ra7 33. b6 Ra2 34. b7 1-0

[Event "BL2-West 1617"]
[Site "Germany"]
[Date "2016.10.16"]
[Round "1.5"]
[White "Hoolt, Sarah"]
[Black "Kahleys, Kevin"]
[Result "1-0"]
[WhiteElo "2371"]
[BlackElo "2213"]
[PlyCount "91"]
[EventDate "2016.10.16"]
[EventType "team-tourn"]
[EventRounds "9"]
[EventCountry "GER"]
[SourceTitle "CBM 175 Extra"]
[Source "ChessBase"]
[SourceDate "2016.12.12"]
[SourceVersion "1"]
[SourceVersionDate "2016.12.12"]
[SourceQuality "1"]
[WhiteTeam "Katernberg"]
[BlackTeam "Muelheim II"]
[WhiteTeamCountry "GER"]
[BlackTeamCountry "GER"]

1. e4 e6 2. d4 d5 3. Nc3 Nf6 4. e5 Nfd7 5. f4 c5 6. Nf3 Nc6 7. Be3 Qa5 8. Qd2 Rb8 9. a3 b5 10. Ra2 b4 11. axb4 Qxb4 12. Be2 cxd4 13. Nxd4 Nxd4 14. Qxd4 Bc5 15. Qxb4 Rxb4 16. Bxc5 Nxc5 17. Bb5+ Bd7 18. Rxa7 Ke7 19. b3 Rc8 20. 0-0 Ke8 21. Bxd7+ Nxd7 22. Rf3 g5 23. g3 Rd4 24. Nb5 Rd1+ 25. Kg2 Rxc2+ 26. Kh3 Rdd2 27. Nd6+ Ke7 28. fxg5 Rxh2+ 29. Kg4 h5+ 30. gxh6 f6 31. Rxf6 Rcf2 32. Rxf2 Rxf2 33. Kg5 Rh2 34. g4 Kd8 35. Nf7+ Ke8 36. Kg6 d4 37. Ra8+ Ke7 38. Ra4 d3 39. Rd4 d2 40. Kg7 Rg2 41. g5 Rf2 42. Nd6 Rg2 43. Ne4 Nxe5 44. Rxd2 Rg4 45. h7 Nf7 46. Rd7+ 1-0

[Event "Ruhrgebiet Verbandsklasse Gruppe 1 1617"]
[Site "Germany"]
[Date "2016.09.25"]
[Round "2.1"]
[White "Singbeil, Holger"]
[Black "Kahleys, Kevin"]
[Result "0-1"]
[WhiteElo "1985"]
[BlackElo "2205"]
[PlyCount "88"]
[EventDate "2016.09.04"]
[EventType "team-tourn"]
[EventRounds "9"]
[EventCountry "GER"]
[SourceTitle "EXT 2022"]
[Source "ChessBase"]
[SourceDate "2021.10.06"]
[SourceVersion "1"]
[SourceVersionDate "2021.10.06"]
[SourceQuality "1"]
[WhiteTeam "Wanne-Eickel SV Unser Fritz"]
[BlackTeam "Muelheim Nord IV"]
[WhiteTeamCountry "GER"]
[BlackTeamCountry "GER"]

1. Nf3 d5 2. c4 c6 3. e3 Nf6 4. Nc3 g6 5. d4 Bg7 6. Bd3 0-0 7. 0-0 Bg4 8. h3 Bxf3 9. Qxf3 e6 10. b3 Re8 11. Bb2 Nbd7 12. Qg3 a6 13. Rfd1 Qa5 14. Ne2 e5 15. Bc3 Qd8 16. Rac1 e4 17. Bc2 Bf8 18. Rf1 Nh5 19. Qh2 f5 20. cxd5 cxd5 21. Bd2 Ba3 22. Rce1 Rc8 23. Bb1 Nhf6 24. f3 exf3 25. gxf3 Nf8 26. h4 Bd6 27. Qg2 Kh8 28. Ng3 Ne6 29. f4 Ng7 30. Bd3 Ba3 31. Rf3 h5 32. Nf1 Ng4 33. Rh3 Be7 34. Qg3 Qb6 35. Nh2 Bb4 36. Qg2 Qa5 37. Nxg4 hxg4 38. Rh2 g3 39. Qxg3 Bxd2 40. Ree2 Rc1+ 41. Kg2 Bxe3 42. Rxe3 Qd2+ 43. Re2 Rxe2+ 44. Bxe2 Qxe2+ 0-1

[Event "Ruhrgebiet Verbandsklasse Gruppe 1 1617"]
[Site "Germany"]
[Date "2016.09.04"]
[Round "1.1"]
[White "Korten, Lando"]
[Black "Kahleys, Kevin"]
[Result "1/2-1/2"]
[WhiteElo "1999"]
[BlackElo "2205"]
[PlyCount "114"]
[EventDate "2016.09.04"]
[EventType "team-tourn"]
[EventRounds "9"]
[EventCountry "GER"]
[SourceTitle "EXT 2022"]
[Source "ChessBase"]
[SourceDate "2021.10.06"]
[SourceVersion "1"]
[SourceVersionDate "2021.10.06"]
[SourceQuality "1"]
[WhiteTeam "Unna SV"]
[BlackTeam "Muelheim Nord IV"]
[WhiteTeamCountry "GER"]
[BlackTeamCountry "GER"]

1. d4 Nf6 2. c4 Nc6 3. Nf3 e6 4. a3 d6 5. Nc3 g6 6. e4 Bg7 7. Be2 h6 8. 0-0 0-0 9. Qc2 a6 10. b4 Nd7 11. Be3 e5 12. dxe5 Ndxe5 13. Nxe5 dxe5 14. Rad1 Nd4 15. Qd2 Qh4 16. g3 Qh3 17. Bxd4 exd4 18. Nd5 c6 19. Nf4 Qd7 20. c5 Qe7 21. Rfe1 Kh7 22. Bc4 Bg4 23. Rb1 Qd7 24. Nd3 h5 25. f4 h4 26. Kg2 Rad8 27. Nf2 f6 28. Nxg4 Qxg4 29. Qe2 Qd7 30. f5 Bh6 31. Be6 Qe8 32. Qg4 d3 33. Qxh4 d2 34. Red1 Kg7 35. Rb3 Rd4 36. Qg4 Kh7 37. fxg6+ Kg7 38. Qf5 Qe7 39. Rf3 Re8 40. e5 Bg5 41. exf6+ Bxf6 42. Re3 a5 43. h4 axb4 44. axb4 Rf8 45. Qh5 Rh8 46. Qe2 Qd8 47. Rf3 Re8 48. Re3 Re7 49. Qh5 Qh8 50. Qf5 Qh6 51. Rf3 Qxg6 52. Qxg6+ Kxg6 53. h5+ Kg7 54. h6+ Kxh6 55. Rxf6+ Kg7 56. Rf2 Rxe6 57. Rfxd2 Rxb4 1/2-1/2